[Event "Arcimpex Cup"]
[Site "Frydek Mistek CZE"]
[Date "2005.03.27"]
[Round "7"]
[White "Smolen,J"]
[Black "Ginzburg,Mi"]
[Result "0-1"]
[WhiteElo "2356"]
[BlackElo "2326"]

1.c4 c6 2.Nf3 d5 3.e3 Nf6 4.Qc2 g6 5.b3 Bg7 6.Bb2 O-O 7.h3 Na6 8.d3 Bf5 9.Nd4 dxc4
10.Nxf5 cxb3 11.axb3 gxf5 12.Be2 Nb4 13.Qc4 a5 14.O-O Qd5 15.Nd2 Rfd8 16.Qh4 Nxd3
17.Bc3 Ne5 18.Qg3 Ng6 19.Rfd1 Nh5 20.Bxh5 Bxc3 21.Nc4 Qb5 22.Rxd8+ Rxd8 23.Qc7 Ra8
24.Rd1 Qxb3 25.Nb6 Be5 26.Rd8+ Kg7 27.Qd7 Rxd8 28.Qxd8 Qb1+ 29.Bd1 Bd6  0-1

[Event "Arcimpex Cup"]
[Site "Frydek Mistek CZE"]
[Date "2005.03.27"]
[Round "8"]
[White "Rogule,L"]
[Black "Matras,A"]
[Result "1-0"]
[WhiteElo "2281"]
[BlackElo "2279"]

1.c4 c6 2.Nc3 d5 3.d4 Nf6 4.Nf3 dxc4 5.a4 Bf5 6.Ne5 Nbd7 7.Nxc4 Qc7 8.g3 e5
9.dxe5 Nxe5 10.Bf4 Nfd7 11.Bg2 Be7 12.O-O O-O 13.Rc1 Qb8 14.Ne4 f6 15.Nxe5 Nxe5
16.Qb3+ Rf7 17.Rfd1 Bf8 18.Rd2 Qe8 19.Rcd1 Be6 20.Qc3 Bd5 21.Bxe5 Qxe5 22.Qxe5 fxe5
23.Ng5 Rf5 24.e4 Rxg5 25.exd5 Bb4 26.dxc6 bxc6 27.Rd7 Rf8 28.Be4 Bc5 29.R1d2 Bd4
30.Kg2 Rb8 31.Bxc6 Bxb2 32.Bd5+ Kf8 33.Rf7+ Ke8 34.Rxa7 Bd4 35.Rc7 Bb6 36.Bc6+ Kf8
37.Rcd7 Rg6 38.Be4 Rf6 39.Bxh7 Ba5 40.Re2 Bc3 41.Bd3 Bd4 42.Rc2 Rf7 43.Rxf7+ Kxf7
44.a5 Rb7 45.a6 Rd7 46.Bf5 Rd8 47.Rc7+ Kf6 48.Be4  1-0

[Event "ch-EU"]
[Site "Cork IRL"]
[Date "2005.03.29"]
[Round "8"]
[White "Grant,J"]
[Black "Connolly,S"]
[Result "1-0"]
[WhiteElo "2259"]
[BlackElo "2052"]

1.c4 c6 2.Nc3 d5 3.d4 Nf6 4.e3 dxc4 5.Bxc4 b5 6.Bd3 Nbd7 7.Nf3 e6 8.e4 Nb6
9.O-O Be7 10.Bg5 h6 11.Be3 Bb7 12.Rc1 O-O 13.Qe2 Rc8 14.Rfd1 a6 15.a3 a5
16.Ne5 b4 17.axb4 axb4 18.Nb1 Nbd7 19.Nxd7 Nxd7 20.e5 Bf6 21.f4 Be7 22.Qf3 Nb6
23.Nd2 Nd5 24.Nb3 Qb6 25.Bf2 Ba6 26.Bb1 Qd8 27.g3 Bb5 28.h4 g6 29.h5 Kg7
30.Qg4 g5 31.f5 exf5 32.Qxf5 Rh8 33.Re1 Nc7 34.Nc5 Bxc5 35.Rxc5 Qe8 36.d5 cxd5
37.e6 Nxe6 38.Rxe6 fxe6 39.Bd4+ Kg8 40.Qe5  1-0

[Event "ch-EU"]
[Site "Cork IRL"]
[Date "2005.03.30"]
[Round "9"]
[White "Sarakauskas,G"]
[Black "Almond,R"]
[Result "1-0"]
[WhiteElo "2449"]
[BlackElo "2149"]

1.c4 c6 2.Nc3 d5 3.e4 Nf6 4.Nf3 g6 5.d4 Bg7 6.Be2 O-O 7.O-O Nbd7 8.cxd5 cxd5
9.Qb3 e6 10.Bd2 Qb6 11.Qc2 Nb8 12.b4 Bd7 13.b5 Rc8 14.Qb3 Be8 15.Rfc1 Nbd7
16.a4 Bf8 17.a5 Qd8 18.Bd3 Bh6 19.h3 Qe7 20.Rc2 Qd6 21.Rac1 Rd8 22.Na2 e5
23.Bb4 Qc6 24.dxe5 Nxe5 25.Nd4 Nxd3 26.Ne6 Nxc1 27.Nxc1 Nxe4 28.Be7  1-0

[Event "Ettinger It"]
[Site "Givataim ISR"]
[Date "2005.03.30"]
[Round "9"]
[White "Khmelniker,I"]
[Black "Kaplan,S"]
[Result "1/2-1/2"]
[WhiteElo "2458"]
[BlackElo "2346"]

1.c4 c6 2.d4 d5 3.Nf3 Nf6 4.e3 a6 5.Bd3 Bg4 6.Nbd2 e6 7.Qc2 Nbd7 8.b3 Bd6
9.Bb2 Bh5 10.O-O Bg6 11.e4 dxe4 12.Nxe4 Nxe4 13.Bxe4 O-O 14.Rad1 Nf6 15.Bxg6 hxg6
16.Rfe1 Rc8 17.Qb1 Qc7 18.g3 Rfe8 19.Ne5 Nd7 20.Nf3 Nf6  1/2-1/2

[Event "ch-VIE Prelim w"]
[Site "Hue VIE"]
[Date "2005.04.03"]
[Round "1"]
[White "Luong Minh Hue"]
[Black "Tran Thi Kim Loan"]
[Result "1-0"]
[WhiteElo "2133"]
[BlackElo "2159"]

1.c4 c6 2.e4 d5 3.cxd5 cxd5 4.exd5 Nf6 5.Nc3 Nxd5 6.Nf3 Nc6 7.Bc4 e6 8.d4 Bb4
9.Bd2 O-O 10.O-O Nb6 11.Bd3 Nxd4 12.Bxh7+ Kxh7 13.Ng5+ Kg6 14.Qg4 f5 15.Qg3 Bd6
16.f4 Kf6 17.Rad1 Qc7 18.Be3 Nc2 19.Nb5 Qc6 20.Nxd6 Nd5 21.Ngf7 Ke7 22.Qg5+ Nf6
23.Ne5 Qxd6 24.Rxd6 Kxd6 25.Qxg7 Rg8 26.Nc4+  1-0

[Event "3rd ch-GER Internet Blitz KO"]
[Site "playchess INT"]
[Date "2005.04.03"]
[Round "1.3"]
[White "Bischoff,K"]
[Black "Krivoshey,S"]
[Result "1/2-1/2"]
[WhiteElo "2555"]
[BlackElo "2487"]

1.c4 c6 2.d4 d5 3.e3 Nf6 4.Nc3 a6 5.Nf3 e6 6.Qc2 c5 7.cxd5 exd5 8.Be2 Nc6
9.O-O Be6 10.dxc5 Bxc5 11.Na4 Bd6 12.Rd1 Qe7 13.Bd2 O-O 14.Be1 Rac8 15.Nc3 Bb8
16.Rac1 Rfd8 17.g3 Bg4 18.Nd4 h5 19.Bxg4 hxg4 20.Qf5 Nxd4 21.exd4 Rc6 22.Bd2 Qe6
23.Qxe6 Rxe6 24.Bg5 Ba7 25.Kf1 Rd7 26.Bxf6 Rxf6 27.Rd3 Rc6 28.Re1 f6 29.Re2 Kf7
30.Nd1 Rc1 31.Kg2 g6 32.Ne3 f5 33.Red2 Rc8 34.Rb3 Re8 35.h3 gxh3+ 36.Kxh3 Re4
37.Rbd3 Kf6 38.Kg2 f4 39.gxf4 Rxf4 40.a3 g5 41.f3 Ke6 42.Ng4 Kd6 43.Rd1 Re7
44.R1d2 Re8 45.Rb3 Re7 46.Rbd3 Re8 47.Kg3 Re7 48.Nf2 Kd7 49.Nh3 Rf5 50.Kg4 Ref7
51.Rc2 b5 52.Rdc3 Bb6 53.Rc6 R5f6 54.Rxf6 Rxf6 55.Rd2 Rc6 56.Nxg5 Rc4 57.Kf5 Rxd4
58.Rh2 Rd1 59.f4 d4 60.Rh7+ Kc6 61.Ne4 d3 62.Rh6+ Kc7 63.Rd6 Be3 64.Rd5 d2
65.Rd3 Rf1 66.Nxd2 Rxf4+ 67.Ke5 Bxd2 68.Rxd2 Rc4 69.Kd5 Kb6 70.Re2  1/2-1/2

[Event "3rd ch-GER Internet Blitz KO"]
[Site "playchess INT"]
[Date "2005.04.03"]
[Round "1.1"]
[White "Bischoff,K"]
[Black "Krivoshey,S"]
[Result "1-0"]
[WhiteElo "2555"]
[BlackElo "2487"]

1.c4 c6 2.d4 d5 3.e3 Nf6 4.Nc3 a6 5.Nf3 e6 6.Qc2 c5 7.cxd5 exd5 8.Be2 Nc6
9.O-O Be6 10.Rd1 Nb4 11.Qb1 Qc7 12.a3 Nc6 13.dxc5 Bxc5 14.Ng5 Bd6 15.h3 Bh2+
16.Kh1 Be5 17.Bd2 O-O 18.Be1 Rad8 19.Nf3 Bd6 20.Qd3 Qe7 21.Rac1 Bb8 22.Bf1 Qd7
23.Ne2 Bf5 24.Qb3 Be4 25.Ng5 Bg6 26.Nf4 Qf5 27.Nxg6 hxg6 28.Nf3 Rd7 29.Bxa6 Ne5
30.Nd4 Qh5 31.Be2 Qh6 32.Kg1 g5 33.Nf5 Qh7 34.Ng3 g4 35.Qc2 Qh6 36.Qf5 gxh3
37.Qxh3 Qg6 38.Qf5 Qh6 39.Bc3 Re8 40.Bxe5 Bxe5 41.Nf1 Bxb2 42.Rb1 Bxa3 43.Bb5 Rde7
44.Bxe8 Rxe8 45.Rxb7 Bd6 46.Rb6 Be5 47.Rxd5 Nxd5 48.Rxh6  1-0

[Event "3rd ch-GER Internet Blitz KO"]
[Site "playchess INT"]
[Date "2005.04.03"]
[Round "1.2"]
[White "Bezold,M"]
[Black "Fridman,D2"]
[Result "1/2-1/2"]
[WhiteElo "2532"]
[BlackElo "2569"]

1.c4 c6 2.Nc3 d5 3.e3 Nf6 4.Nf3 e6 5.b3 c5 6.cxd5 exd5 7.Bb5+ Bd7 8.Bxd7+ Qxd7
9.d4 cxd4 10.Nxd4 Bb4 11.Bd2 Nc6 12.Nce2 Bxd2+ 13.Qxd2 Ne4 14.Qb2 O-O 15.O-O Rac8
16.Rfd1 Ne5 17.Ng3 Rfd8 18.Ndf5 Nxg3 19.Nxg3 Qe6 20.h3 Qf6 21.Rd2 d4 22.exd4 Nc6
23.Rad1 Rd5 24.Ne2 Rcd8 25.Rd3 h6 26.b4 a6 27.a3 R8d6 28.Qc3 Qd8 29.Qc4 Qf6
30.Qc3 Qd8 31.Qd2 Qf6 32.Qe3 Qd8 33.R1d2 b5 34.Qf3 Ne5 35.dxe5 Rxd3 36.Rxd3 Rxd3
37.Qb7 Qd5 38.Qxa6 Rd1+ 39.Kh2 Qxe5+ 40.Ng3 Rd8 41.Qb6 Rb8 42.Qa7 h5 43.h4 Rc8
44.Kh3 Rc4 45.Qa8+ Kh7 46.Qf3 Qe6+ 47.Kh2 Rxh4+ 48.Kg1 Rg4 49.Nxh5 Qe1+ 50.Kh2 Qe5+
51.Ng3 Rh4+ 52.Kg1 f6 53.Qd3+ g6 54.Qd7+ Kh6 55.Qd2+ Qf4 56.Qd8 Qc1+ 57.Nf1 Qc4
58.Qh8+ Kg5 59.Qd8 Rd4 60.Qe7 Rd1 61.Qe3+ Qf4 62.Qe2 Qc1 63.g3 Kh6 64.Kg2 f5
65.Qxb5 Qb1 66.Qe2 Qe4+ 67.Qxe4 fxe4 68.Ne3 Ra1 69.b5 Rxa3 70.Nc4 Rb3 71.Nd6 Rb4
72.b6 Kg7 73.b7 Kf8 74.Nxe4 Rxb7 75.Ng5 Ke7 76.Nf3 Rb4 77.Ne5 Kf6 78.Nd3 Rd4
79.Nf4 g5 80.Ne2 Rd3 81.Ng1 Kf5 82.Ne2 Ke4 83.Ng1 Ra3 84.Nh3 Kf5 85.Ng1 Ra2
86.Nf3 Ra3 87.Nd4+ Ke4  1/2-1/2

[Event "3rd ch-GER Internet Blitz GpB"]
[Site "playchess INT"]
[Date "2005.04.03"]
[Round "3.2"]
[White "Fridman,D2"]
[Black "Drabke,L"]
[Result "1/2-1/2"]
[WhiteElo "2569"]
[BlackElo "2456"]

1.c4 c6 2.e4 d5 3.exd5 cxd5 4.d4 Nf6 5.Nc3 Nc6 6.Bg5 dxc4 7.d5 Ne5 8.Qd4 Ng6
9.Nf3 e5 10.Nxe5 Nxe5 11.Qxe5+ Qe7 12.Qxe7+ Bxe7 13.Bxc4 O-O 14.Bf4 a6 15.d6 Bd8
16.O-O b5 17.Be2 Bb7 18.Rad1 Ba5 19.Be5 Rfd8 20.a3 b4 21.Bxf6 gxf6 22.Nd5 bxa3
23.Ne7+ Kf8 24.bxa3 Bc3 25.f4 Be4 26.Bf3 f5 27.Rf2 Bf6 28.Bxe4 fxe4 29.Nc6 Rd7
30.Re2 Re8 31.g4 h6 32.h4 Re6 33.g5 hxg5 34.hxg5 Rexd6 35.Rc1 Bd4+ 36.Kg2 Rc7
37.Rxe4 Bb2 38.Rc2 Bxa3 39.Rec4 Kg7 40.Kf3 f6 41.Nd4 Rxc4 42.Rxc4 Rb6 43.Kg4 fxg5
44.fxg5 Rb4 45.Rxb4 Bxb4 46.Nc6 Bd2 47.Kf5 Bxg5 48.Kxg5 a5 49.Nxa5  1/2-1/2

[Event "3rd ch-GER Internet Blitz GpC"]
[Site "playchess INT"]
[Date "2005.04.03"]
[Round "3.4"]
[White "Bischoff,K"]
[Black "Muse,D"]
[Result "1-0"]
[WhiteElo "2555"]
[BlackElo "2418"]

1.c4 c6 2.d4 Nf6 3.Nc3 d5 4.e3 a6 5.Nf3 b5 6.c5 Bg4 7.h3 Bxf3 8.Qxf3 e5 9.g4 Nbd7
10.g5 Ng8 11.h4 h6 12.Bh3 Ne7 13.Bd2 Qc7 14.Ne2 e4 15.Qg2 g6 16.f3 Nf5 17.Bxf5 gxf5
18.f4 Bxc5 19.Ng3 hxg5 20.hxg5 Rxh1+ 21.Qxh1 O-O-O 22.Nxf5 Bf8 23.Rc1 Kb7
24.Qh7 Nb8 25.Ng3 c5 26.dxc5 Nc6 27.Qf5 Bg7 28.b4 Qe7 29.Kf2 d4 30.Nxe4 dxe3+
31.Bxe3 Bd4 32.Re1 Ka8 33.Nd6 Rxd6 34.cxd6 Qxd6 35.Qe4 Bxe3+ 36.Rxe3 Kb7
37.Re2 Kb6 38.a3 a5 39.Rc2 axb4 40.Rxc6+ Qxc6 41.Qxc6+ Kxc6 42.axb4 Kd5 43.Ke3 Ke6
44.Ke4  1-0

[Event "7th UI&UL GM"]
[Site "Dhaka BAN"]
[Date "2005.04.05"]
[Round "1"]
[White "Singh,Ri"]
[Black "Fominyh,A"]
[Result "0-1"]
[WhiteElo "2271"]
[BlackElo "2505"]

1.c4 c6 2.b3 d5 3.Bb2 Bg4 4.Nf3 Nd7 5.g3 Ngf6 6.Bg2 e6 7.O-O Bd6 8.d3 a5
9.a3 O-O 10.Nbd2 e5 11.e4 dxe4 12.dxe4 Qe7 13.Qc2 Rfd8 14.h3 Be6 15.Nh4 Bc5
16.Nf5 Bxf5 17.exf5 Bd4 18.Nf3 Bxb2 19.Qxb2 e4 20.Rfe1 Nc5 21.Re3 Qd7 22.Nh4 h6
23.f3 exf3 24.Bxf3 Re8 25.Rae1 Nd3 26.Rxe8+ Nxe8 27.Rd1 Qd6 28.Qg2 Qc5+ 29.Kh2 Ne5
30.a4 Nf6 31.Be4 Neg4+ 32.hxg4 Nxg4+ 33.Kh1 Nf2+ 34.Kh2 Nxd1 35.f6 Qf2  0-1

[Event "ch-VIE Prelim w"]
[Site "Hue VIE"]
[Date "2005.04.05"]
[Round "3"]
[White "Dang Bich Ngoc"]
[Black "Hoang Xuan Thanh Khiet"]
[Result "0-1"]
[WhiteElo "2158"]
[BlackElo "2175"]

1.c4 c6 2.e4 e5 3.Nf3 d6 4.d4 Qc7 5.Nc3 Nf6 6.h3 Be7 7.Be2 O-O 8.O-O Nbd7
9.Be3 a6 10.Rc1 Re8 11.b4 Bf8 12.Qd3 exd4 13.Nxd4 Ne5 14.Qb1 c5 15.bxc5 dxc5
16.Nb3 Be6 17.Na4 b6 18.f4 Nc6 19.e5 Nd7 20.Bd3 g6 21.Nc3 Bh6 22.Rce1 f5
23.exf6 Nxf6 24.f5 Bxe3+ 25.Rxe3 gxf5 26.Rxe6 Rxe6 27.Nd5 Qg7 28.Bxf5 Rd6
29.Rf4 Kh8 30.Rh4 Rg8 31.Qb2 Ne5 32.Qe2 Ng6 33.Bxg6 Qxg6  0-1

[Event "ch-CUB GpB"]
[Site "Santa Clara CUB"]
[Date "2005.04.07"]
[Round "1"]
[White "Nogueiras,J"]
[Black "Perez,Rod"]
[Result "1/2-1/2"]
[WhiteElo "2533"]
[BlackElo "2437"]

1.c4 c6 2.e4 d5 3.exd5 Nf6 4.Nc3 cxd5 5.d4 e6 6.Nf3 Be7 7.cxd5 Nxd5 8.Bb5+ Nc6
9.Ne5 Bd7 10.Bxc6 Bxc6 11.O-O O-O 12.Nxc6 bxc6 13.Na4 Nb6  1/2-1/2

[Event "Belgrade Cup"]
[Site "Belgrade SCG"]
[Date "2005.04.08"]
[Round "4"]
[White "Tatisic,M"]
[Black "Stamenkovic,A"]
[Result "0-1"]
[WhiteElo "2281"]
[BlackElo "2272"]

1.c4 c6 2.e4 d5 3.exd5 cxd5 4.d4 Nf6 5.Nc3 e6 6.Nf3 Be7 7.cxd5 Nxd5 8.Bd3 Nxc3
9.bxc3 Bd7 10.Ne5 Nc6 11.Nxd7 Qxd7 12.O-O O-O 13.Re1 Rfd8 14.Re3 g6 15.Be4 Na5
16.Rh3 f5 17.Bc2 e5 18.Rd3 e4 19.Rh3 Rac8 20.Bh6 Rc7 21.Rb1 Rdc8 22.Bb3+ Kh8
23.Bf4 Bd6 24.Bg5 Nxb3 25.Qxb3 Qf7 26.Qxf7 Rxf7 27.Bd2 Kg7 28.Re1 Re7 29.Rc1 Rc4
30.Kf1 a6 31.Ke2 b5 32.Rb1 h5 33.Bg5 Re8 34.Rb3 Kf7 35.Kf1 Ke6 36.Re3 Kd5
37.f4 Ra4 38.Rb2 Rc8 39.Rg3 Rc6 40.Bh6 Be7 41.Ke2 Rac4 42.Rb3 b4 43.Kd2 bxc3+
44.Kc2 Rxd4 45.Rbxc3 Rxc3+ 46.Kxc3 Rc4+ 47.Kb2 Rc6 48.Kb3 Bc5 49.Rc3 Re6
50.Rc2 e3 51.Re2 Ke4 52.Rc2 Bd4 53.Bf8 Kd3  0-1

[Event "FSIM April"]
[Site "Budapest HUN"]
[Date "2005.04.09"]
[Round "8"]
[White "Khadempour,F"]
[Black "Katsuhara,O"]
[Result "0-1"]
[WhiteElo "2225"]
[BlackElo "2106"]

1.c4 c6 2.Nf3 d5 3.e3 Nf6 4.b3 Bf5 5.Bb2 h6 6.Be2 e6 7.O-O Be7 8.d3 O-O 9.Nbd2 Nbd7
10.Qc2 Bh7 11.a3 a5 12.Rfc1 Bd6 13.Bc3 Qe7 14.Qb2 e5 15.b4 axb4 16.axb4 e4
17.Ne1 Ne5 18.dxe4 dxe4 19.c5 Bc7 20.h3 Nd5 21.Bd4 Rae8 22.Nc4 Nxc4 23.Bxc4 f5
24.Qb3 Rd8 25.Rd1 Kh8 26.f4 exf3 27.Nxf3 Nf6 28.Qb2 Ne4 29.Rf1 Rde8 30.Rad1 Bb8
31.Ra1 Qc7 32.b5 Qg3 33.bxc6 bxc6 34.Ra3 Bc7 35.Ra7 Re7 36.Qa1 Ng5 37.Rxc7 Nxf3+
38.Rxf3 Qxc7 39.Qc3 Qb8 40.Rf2 f4 41.Rb2 Qc7 42.Rf2 Qb8 43.Rb2 Qe8 44.exf4 Rxf4
45.Bf2 Rf8 46.Bh4 Re3 47.Qc1 Re4 48.Bf2 Qd7 49.Rd2 Rxc4 50.Qd1 Qf7 51.Bg3 Rb4
52.Kh2 Rb1 53.Qg4 Bf5 54.Qf3 Rc1 55.Qxc6 Rc2 56.Rd4 Rc8 57.Qd6 R2xc5 58.Ra4 Qg6
59.Qe7 Rc3 60.Be5 Rc2 61.Qb7 Rxg2+ 62.Qxg2 Rc2 63.Qxc2 Bxc2 64.Rg4 Qf7 65.Rxg7 Qxg7
66.Bxg7+ Kxg7 67.Kg3 Kg6 68.Kg4 Bd1+ 69.Kh4 Be2 70.Kg3 Kg5 71.Kf2 Bd1 72.Kg3 Ba4
73.Kf3 Kh4 74.Kg2 Bd7 75.Kh2 Bxh3 76.Kh1 Kg3 77.Kg1 Bc8 78.Kh1 Bb7+ 79.Kg1 h5  0-1

[Event "7th UI&UL GM"]
[Site "Dhaka BAN"]
[Date "2005.04.09"]
[Round "6"]
[White "Singh,Ri"]
[Black "Akshayraj,K"]
[Result "0-1"]
[WhiteElo "2271"]
[BlackElo "2388"]

1.c4 c6 2.e4 e5 3.Nc3 Nf6 4.Nf3 d6 5.g3 g6 6.Bg2 Bg7 7.O-O O-O 8.d3 Re8 9.Nh4 h6
10.h3 Na6 11.Be3 Nc7 12.Qd2 Kh7 13.d4 b5 14.cxb5 cxb5 15.Rfd1 Bb7 16.d5 a5
17.Bb6 Nd7 18.Bxc7 Qxc7 19.Nxb5 Qb6 20.Na3 Nc5 21.Nc4 Qd8 22.Rac1 Bf6 23.Rc3 Ba6
24.Ne3 Bxh4 25.gxh4 Qxh4 26.Rxc5 dxc5 27.d6 Qd8 28.Qd5 Kg7 29.Qxc5 Rc8 30.Qa7 Ra8
31.Qc5 Re6 32.b3 Rc8 33.Qd5 Be2 34.Re1 Rxd6 35.Qxe5+ f6 36.Qg3 Rd2 37.e5 Kh7
38.Be4 Bh5 39.e6 Rc5 40.h4 Re5 41.Nc4 Rd1 42.Rxd1 Qxd1+ 43.Kh2 Rxe6 44.Qc7+ Kg8
45.Qc8+ Kf7 46.Qb7+ Kf8 47.Bd5 Qe2 48.Bxe6 Qxe6 49.Qa8+ Kg7 50.Qa7+ Kg8 51.Qxa5 g5
52.hxg5 hxg5 53.Qd8+ Kg7 54.Qc7+ Kg6 55.Ne3 Bf3 56.Kg3 Bc6 57.Ng4 Qe4 58.Ne5+ fxe5
59.Qd6+ Kh5 60.Qd1+ g4  0-1

[Event "7th UI&UL GM"]
[Site "Dhaka BAN"]
[Date "2005.04.10"]
[Round "7"]
[White "Singh,Ri"]
[Black "Suresh,KT"]
[Result "1-0"]
[WhiteElo "2271"]
[BlackElo "2226"]

1.c4 c6 2.e4 d5 3.exd5 cxd5 4.cxd5 Qxd5 5.Nc3 Qa5 6.d4 Nf6 7.Nf3 e6 8.Bd3 Be7
9.Bg5 Nc6 10.Bc2 O-O 11.a3 Rd8 12.b4 Qc7 13.Qd3 h6 14.Bh4 a6 15.O-O g6 16.Rfe1 Nd5
17.Bg3 Bd6 18.Bxd6 Qxd6 19.Ne4 Qf8 20.h4 Qg7 21.Rad1 b6 22.h5 Nf4 23.Qc4 gxh5
24.Ng3 Bb7 25.d5 Nxg2 26.dxc6 Bxc6 27.Kxg2 Rdc8 28.Be4 Bd5 29.Qd4  1-0

[Event "7th Open"]
[Site "Dubai UAE"]
[Date "2005.04.10"]
[Round "7"]
[White "Anastasian,A"]
[Black "Gagunashvili,M"]
[Result "1/2-1/2"]
[WhiteElo "2574"]
[BlackElo "2547"]

1.c4 c6 2.d4 d5 3.Nf3 Nf6 4.Nc3 e6 5.Qb3 Be7 6.Bg5 O-O 7.e3 Nbd7 8.cxd5 Nxd5
9.Bxe7 Qxe7 10.Be2 Nxc3 11.bxc3 b6 12.O-O Bb7 13.a4 c5 14.Rfd1 cxd4 15.cxd4 Rab8
16.Qb2 Rfc8  1/2-1/2

[Event "ch-VIE Playoff"]
[Site "Hue VIE"]
[Date "2005.04.13"]
[Round "2.1"]
[White "Bui Vinh"]
[Black "Ly Hong Nguyen"]
[Result "1-0"]
[WhiteElo "2467"]
[BlackElo "2281"]

1.c4 c6 2.e4 d5 3.exd5 cxd5 4.d4 Nf6 5.Nc3 e6 6.Nf3 Be7 7.Bd3 O-O 8.O-O Nc6
9.a3 dxc4 10.Bxc4 a6 11.Be3 Nd5 12.Qe2 b5 13.Bd3 Bb7 14.Ne4 f5 15.Nc3 Bf6
16.Rad1 Kh8 17.Bb1 Nxc3 18.bxc3 Na5 19.Bf4 Bd5 20.Rfe1 Rc8 21.Rc1 Nc4 22.Ba2 Rc6
23.Bxc4 Bxc4 24.Qd2 Bd5 25.Ne5 Rc8 26.Nd3 Be7 27.Ra1 Bb7 28.Be5 Bg5 29.Qb2 Qd5
30.f3 Qc4 31.Nc5 Bd5 32.a4 Rf7 33.axb5 axb5 34.Ra5 Be7 35.Rxb5 Bxc5 36.dxc5 h6
37.Bd4 Kh7 38.Rb4 Qa6 39.Rb6 Qc4 40.h4 Ra7 41.Rb4 Qa6 42.Qf2 Qc6 43.c4  1-0

[Event "7th UI&UL GM"]
[Site "Dhaka BAN"]
[Date "2005.04.14"]
[Round "11"]
[White "Sangma,R"]
[Black "Hasan,Me"]
[Result "0-1"]
[WhiteElo "2311"]
[BlackElo "2322"]

1.c4 c6 2.Nf3 d5 3.b3 Nf6 4.Bb2 Bg4 5.g3 Nbd7 6.Bg2 e6 7.O-O Bc5 8.h3 Bh5
9.e3 O-O 10.Qe2 Qe7 11.d4 Bd6 12.g4 Bg6 13.Ne5 Ne4 14.Rd1 Bxe5 15.dxe5 Qh4
16.f3 Ng5 17.Kh2 f5 18.exf6 Nxf6 19.Bc3 Nxg4+ 20.fxg4 Rf2 21.Qxf2 Qxf2 22.Nd2 Qxe3
23.Rac1 Rf8 24.Re1 Qf4+ 25.Kh1 Ne4 26.Bb4 Nxd2 27.Bxf8 Qxf8 28.cxd5 exd5
29.Kg1 Nf3+ 30.Bxf3 Qxf3 31.Re7 Qg3+  0-1

[Event "ch-VIE Places w"]
[Site "Hue VIE"]
[Date "2005.04.14"]
[Round "2.2"]
[White "Luong Minh Hue"]
[Black "Le Kieu Thien Kim"]
[Result "1/2-1/2"]
[WhiteElo "2133"]
[BlackElo "2328"]

1.c4 c6 2.e4 d5 3.cxd5 cxd5 4.exd5 Nf6 5.Nc3 Nxd5 6.Nf3 Nc6 7.Bb5 Nxc3 8.bxc3 Bg4
9.O-O e6 10.d4 Be7 11.Qd3 O-O 12.Bxc6 bxc6 13.Ne5 Bf5 14.Qf3 c5 15.Nc6 Qc7
16.Nxe7+ Qxe7 17.Ba3 Rfc8 18.Bxc5 Qc7 19.Rfe1 Rab8 20.h4 h6 21.a3 Rb3 22.Rac1 a5
23.Re3 Rcb8 24.g4 Bh7 25.Kg2 Qd8 26.Qg3 Qd5+ 27.Qf3 Qd8 28.Qg3 Qd5+ 29.Qf3 Qd8
30.Qg3  1/2-1/2

[Event "1st ch-SCG"]
[Site "Kopaonik SCG"]
[Date "2005.04.14"]
[Round "12"]
[White "Damljanovic,B"]
[Black "Nadj Hedjesi,B"]
[Result "1-0"]
[WhiteElo "2588"]
[BlackElo "2392"]

1.c4 c6 2.e4 d5 3.exd5 cxd5 4.cxd5 Nf6 5.Nc3 g6 6.Bc4 Bg7 7.Nf3 O-O 8.O-O Nbd7
9.d4 Nb6 10.Bb3 Nbxd5 11.Re1 b6 12.Ne5 Bb7 13.Qf3 Rb8 14.Qh3 Rc8 15.Bg5 a6
16.Rad1 Rc7 17.Bh6 Qc8 18.Qh4 Nxc3 19.bxc3 Rxc3 20.Bxf7+ Rxf7 21.Nxf7 Qc6
22.d5 Qc5 23.Bxg7 Kxg7 24.Ne5 Nxd5 25.Nd7 Qc4 26.Qxc4 Rxc4 27.Nxb6  1-0

[Event "CES"]
[Site "Northeim GER"]
[Date "2005.04.17"]
[Round "7"]
[White "Bode,W"]
[Black "Polenz,F"]
[Result "1-0"]
[WhiteElo "2357"]
[BlackElo "1981"]

1.c4 c6 2.e4 d5 3.exd5 cxd5 4.d4 Nc6 5.Nc3 Nf6 6.Bg5 dxc4 7.d5 Ne5 8.Qd4 Ng6
9.Nf3 e6 10.Bxc4 exd5 11.Bxf6 Qxf6 12.Qxf6 gxf6 13.Nxd5 Bd6 14.Nxf6+ Kf8
15.O-O-O Bf4+ 16.Kb1 Bf5+ 17.Bd3 Bxd3+ 18.Rxd3 Kg7 19.Nh5+ Kh6 20.Nxf4 Nxf4
21.Rd4 Ne6 22.Rd7 Rhg8 23.g3  1-0

[Event "Spring Inv"]
[Site "Chicago USA"]
[Date "2005.04.18"]
[Round "6"]
[White "Georgiev,Vl"]
[Black "Karagianis,P"]
[Result "1-0"]
[WhiteElo "2535"]
[BlackElo "2259"]

1.c4 c6 2.Nf3 d5 3.e3 Nf6 4.Nc3 e6 5.b3 Bd6 6.Bb2 O-O 7.d4 Ne4 8.Nxe4 dxe4
9.Nd2 f5 10.Qc2 a5 11.c5 Bc7 12.Bc4 Qe7 13.g4 Kh8 14.Rg1 Nd7 15.O-O-O Nf6
16.f3 Nd5 17.Rde1 exf3 18.Nxf3 fxg4 19.Ne5 Bxe5 20.dxe5 Qxc5 21.Bd4 Qa3+
22.Bb2 Qc5 23.Bd4 Qa3+ 24.Kb1 Nb4 25.Qb2 Qxb2+ 26.Kxb2 b5 27.Ref1 Bd7 28.Be2 Kg8
29.Bc5 Rxf1 30.Rxf1 h5 31.a3 Na6 32.Bd6 c5 33.Bd3 Bc6 34.Bg6 h4 35.Rf4 Bf3
36.Bf7+ Kh7 37.Bxe6 g5 38.Rf7+ Kg6 39.Rf6+ Kg7 40.Bf5 g3 41.Rg6+ Kh7 42.hxg3 h3
43.Re6+ Kg7 44.Re7+ Kg8  1-0

[Event "TCh-HUN w"]
[Site "Budapest HUN"]
[Date "2005.04.20"]
[Round "2"]
[White "Hitter,G"]
[Black "Ignacz,R"]
[Result "1-0"]
[WhiteElo "1673"]
[BlackElo "1877"]

1.c4 c6 2.Nf3 d5 3.e3 Bg4 4.Nc3 Nf6 5.cxd5 Nxd5 6.Bc4 e6 7.O-O Be7 8.d4 Nd7
9.h3 Bh5 10.a3 O-O 11.Be2 Qb6 12.Na4 Qc7 13.Bd2 Rac8 14.Rc1 Qb8 15.Nc5 Rfd8
16.Nxd7 Rxd7 17.Ne5 Bxe2 18.Nxd7 Qd6 19.Qxe2 Qxd7 20.e4 Nf6 21.Bc3 h6 22.Rfd1 Qe8
23.b4 Rd8 24.Bb2 Rd7 25.Rc3 Qd8 26.Rg3 e5 27.d5 cxd5 28.Bxe5 dxe4 29.Rxd7 Qxd7
30.Bxf6 Bxf6 31.Qxe4 Qc7 32.Rd3 Be5 33.g3 a6 34.Qd5 Qc1+ 35.Kg2 Bb2 36.a4 Qc2
37.Rd2 Qc1 38.Rd1 Qc2 39.Qd8+  1-0

[Event "IMA"]
[Site "Gausdal NOR"]
[Date "2005.04.21"]
[Round "9"]
[White "Andreasen,P"]
[Black "Hole,O"]
[Result "1-0"]
[WhiteElo "2323"]
[BlackElo "2329"]

1.c4 c6 2.Nf3 d5 3.d4 Nf6 4.Qc2 g6 5.Bf4 dxc4 6.Qxc4 Bg7 7.e3 O-O 8.Be2 Bf5
9.Nbd2 Nbd7 10.h3 Qb6 11.Qb3 Rac8 12.O-O c5 13.Qa3 Nd5 14.Bg3 Nb4 15.Rac1 Nc2
16.Qa4 Qxb2 17.Rb1 Qa3 18.Qxa3 Nxa3 19.Rb3 Nc2 20.e4 cxd4 21.exf5 Nc5 22.Rb5 d3
23.Bd1 b6 24.fxg6 hxg6 25.Be5 Bh6 26.g4 f6 27.g5 fxg5 28.Nb3 Rfd8 29.Nh2 Rd5
30.Ng4 Bf8 31.Kg2 Rd7 32.Nxc5 Rxc5 33.Rxc5 bxc5 34.Bxc2 dxc2 35.Rc1 Rd3 36.Rxc2 e6
37.Nf6+ Kf7 38.Ne4 Rd5 39.Nxg5+ Ke7 40.Nf3 Kd7 41.Rc4 Kc6 42.a4 Rd3 43.Rf4 Bd6
44.Rf6  1-0

[Event "Open"]
[Site "Metz FRA"]
[Date "2005.04.21"]
[Round "6"]
[White "Murey,J"]
[Black "Julian,S"]
[Result "1/2-1/2"]
[WhiteElo "2447"]
[BlackElo "2142"]

1.c4 c6 2.Nf3 d5 3.e3 Nf6 4.Nc3 a6 5.a3 b5 6.cxd5 cxd5 7.Qc2 e6 8.b4 Bd6
9.Bb2 Bb7 10.Be2 Nbd7 11.O-O O-O 12.Rac1 Rc8 13.Qb1 Qe7 14.Na2 h6 15.Rxc8 Rxc8
16.Rc1 Rf8 17.g3 Nb6 18.Be5 Bxe5 19.Nxe5 Nc4 20.Nxc4 dxc4 21.d3 cxd3 22.Bxd3 Qd6
23.Nc3 Rc8 24.h3 Qe5 25.Ne2 Rxc1+ 26.Nxc1 Qh5 27.e4 Qxh3 28.Bf1 Qg4 29.Be2 Qxe4
30.Qxe4 Nxe4 31.Nd3 Nc3 32.Bg4 Nb1 33.Nc5 Bc8 34.a4 bxa4 35.Nxa4 Bd7 36.Nc5 Bb5
37.Bf3 Kf8 38.Bb7 Ke7 39.Bxa6 Bxa6 40.Nxa6 Kd6 41.Kg2 Nc3 42.Nc5 Kd5 43.Nd7 Na2
44.b5 Kd6 45.Nb6 f6 46.Nc4+ Kc5 47.b6 Kc6 48.b7 Kxb7 49.Nd6+ Kc6 50.Ne8 Kd5
51.Nxg7 Nc3 52.f3 f5 53.Nh5 Kd6 54.Kh3 Ke7 55.Nf4 Nd5 56.Nd3 Kf6 57.f4 Ne3
58.Ne5 Kg7 59.Kh4 Ng2+ 60.Kh3 Ne3  1/2-1/2

[Event "Torch Real Estate Cup"]
[Site "Jinan CHN"]
[Date "2005.04.22"]
[Round "3"]
[White "Ju Wenjun"]
[Black "Tian Tian"]
[Result "1/2-1/2"]
[WhiteElo "2281"]
[BlackElo "2303"]

1.c4 c6 2.d4 d5 3.Nf3 dxc4 4.e3 Be6 5.a4 Nf6 6.Na3 g6 7.Bxc4 Bxc4 8.Nxc4 Bg7
9.Qb3 b6 10.Bd2 Ne4 11.Bb4 Qd5 12.Rc1 Bf6 13.O-O O-O 14.Rfd1 Na6 15.Qa3 Nxb4
16.Qxb4 Rfd8 17.Qe1 Rac8 18.b4 Qe6 19.Ncd2 Nxd2 20.Nxd2 Rd5 21.Nf3 Qe4 22.Qe2 c5
23.dxc5 bxc5 24.Rxd5 Qxd5 25.e4 Qd7 26.e5 Bg7 27.e6 Qxe6 28.Qxe6 fxe6 29.Rxc5 Rb8
30.b5 Bf6 31.g4 Rb7 32.a5 Kf7 33.Kf1 e5 34.Nd2 e4 35.Nxe4 Ke6 36.Ke2 Bd4
37.Kd3 Be5 38.Kc4 Bxh2 39.a6 Rb8 40.Ng5+ Kd7 41.Rd5+ Bd6 42.Nxh7 Rc8+ 43.Kb3 Ke6
44.Rd4 Ke5 45.Rc4 Rb8 46.Ka4 Kd5 47.Rc6 Rh8 48.Ng5 Rh1 49.Rc8 Ra1+ 50.Kb3 Rb1+
51.Ka4 Ra1+ 52.Kb3 Rb1+ 53.Ka4 Rb4+ 54.Ka5 Rxg4 55.b6 axb6+ 56.Kxb6 Rb4+
57.Ka5 Rb2 58.a7 Ra2+ 59.Kb6 Rb2+ 60.Ka6 Ra2+ 61.Kb6 Rb2+ 62.Ka6 Ra2+  1/2-1/2

[Event "Torch Real Estate Cup"]
[Site "Jinan CHN"]
[Date "2005.04.23"]
[Round "4"]
[White "Du Shan"]
[Black "Wu Wenjin"]
[Result "1/2-1/2"]
[WhiteElo "2399"]
[BlackElo "2535"]

1.c4 c6 2.Nc3 d5 3.cxd5 cxd5 4.d4 Nf6 5.Bf4 Nc6 6.e3 a6 7.Nf3 Bg4 8.Be2 e6
9.h3 Bxf3 10.Bxf3 Bd6 11.Bxd6 Qxd6 12.O-O O-O 13.Na4 e5 14.dxe5 Nxe5  1/2-1/2

[Event "Open"]
[Site "Metz FRA"]
[Date "2005.04.23"]
[Round "8"]
[White "Bagheri,A"]
[Black "Dunis,A"]
[Result "1/2-1/2"]
[WhiteElo "2518"]
[BlackElo "2485"]

1.c4 c6 2.e4 d5 3.exd5 Nf6 4.Nc3 cxd5 5.d4 e6 6.c5 Be7 7.Nf3 O-O 8.b4 b6
9.Bf4 bxc5 10.bxc5 Ne4 11.Rc1 Qa5 12.Bd2 Nxd2 13.Qxd2 Bf6 14.Bd3 Ba6 15.Nb5 Qxd2+
16.Kxd2 Nc6 17.Nc7 Bxd3 18.Kxd3 Rab8 19.Rb1 Nb4+ 20.Kd2 Rfc8 21.a3 Nc6 22.Nb5 a6
23.Nd6 Rd8 24.Kd3 Kf8 25.g4 g6 26.g5 Bg7 27.Rhe1 Ke7 28.Nb7 Rf8 29.Rb6 Kd7
30.Reb1 f6 31.Nd6 Rxb6 32.Rxb6 Rb8 33.Rxa6 Rb3+ 34.Ke2 fxg5 35.Nf7 Nxd4+
36.Nxd4 Bxd4 37.c6+ Ke7 38.Nxg5 Rc3 39.c7 Rxc7 40.Nxe6 Rc4 41.Nf4 Rc8 42.Ne6 Rc4
43.Nxd4 Rxd4 44.Ra7+ Ke6 45.Rxh7 Re4+ 46.Kf1 Rc4 47.Rh3 Rc2 48.Rg3 Ra2 49.Kg2 Kf5
50.h4 Ra1 51.Rb3 Ke4 52.Re3+ Kf4 53.Re6 Rxa3 54.Rxg6 Ra8 55.Rd6  1/2-1/2